000 00380nam a2200145Ia 4500
008 240624s9999 xx 000 0 und d
041 _aeng
082 _a658.827 BAL
100 _aBALADI JOSEPH
245 _aBRUTAL TRUTH ABOUT ASIAN BRANDING AND HO
250 _a11
260 _c2011
_aSingapore
_bJohn Wiley and Sons
300 _aviii, : 280 : p. : cm. ; 23
365 _c
_b27
999 _c17739
_d17739